02146nam a22002537a 450000500170000000800410001702000180005804000070007604100120008308200180009510000260011324500510013926000420019030000240023236500530025652012720030965000210158165000260160265000320162865000370166094200120169799900190170995201640172820260114170944.0260114b |||||||| |||| 00| 0 eng d a9781408713952 cAL aEnglish a324.973bWOLA aMichael Wolff9251348 aAll or nothingb: how Trump recaptured America aLondonbThe Bridge Street Pressc2025 a379p.bPBc23x15cm. a5464b₹799.00c₹d₹999.00e20%f10-01-2026 aAll or Nothing is the final chapter in Wolff’s Fire and Fury series. With extraordinary behind-the-scenes access, it follows every turn of Donald Trump’s third presidential campaign. In disgrace after the January 6 attack on the Capitol and sent into exile, Trump immediately sputters back to life. To the shock of the Republican Party leadership, the Trump base has not abandoned him. Hardly a year on, he is as strong as any challenger has ever been. The American establishment is stunned by his comeback and determined to stop it and hold him accountable for his abuses of law and power. Equally, he has vowed retribution on anyone who tries to stand in his way. The 2024 presidential race is elemental: the system breaks Donald Trump or Donald Trump breaks the system. Michael Wolff tells this story from inside the Trump campaign. Through the sources he has cultivated over his ten years of writing about Donald Trump, including people who are with Trump on a daily basis, as well as his own first-hand reporting, we get a nearly moment- by-moment picture of the pendulum mood swings, the casual cruelties, the demands for obeisance, the preternatural resolve or otherworldly levels of denial, and the certain flashes of showman genius of the new president. aElection9251180 aUnited States9251349 aPolitical culture 9251350 a Politics and government9251351 2ddccBK c240746d240746 00102ddc40708PSaALbALcSKd2026-01-13eBiblios Book Point, Surathkal-575014g799.00l0o324.973 WOLAp078024r2026-01-14 09:55:52v999.00w2026-01-10yBK